Most successful Football Club of every European Country - Statistics

General Stats
  • This quiz has been taken 159 times
    145 since last reset
  • The average score is 23 of 44
Answers on the Map
Answers color-coded by a green-red scale on the quiz's map according to % correct below.
 
Answer Stats
Team % Correct
Bayern Munich
95%
Paris Saint-Germain
93%
Juventus
92%
Ajax Amsterdam
89%
Real Madrid
88%
SL Benfica
85%
Olympiacos Piraeus
80%
Dinamo Kyiv
76%
Crvena Zvedza
74%
Sparta Prague
74%
Anderlecht
71%
FC København
70%
Dinamo Zagreb
67%
Monaco
67%
Rapid Wien
67%
Steaua Bucuresti
67%
Rangers
66%
Legia Warszawa
65%
Malmö FF
65%
HJK Helsinki
62%
CSKA Sofia
60%
Ferencváros
59%
Grasshopper Club Zürich
59%
Spartak Moscow
54%
SK Slovan Bratislava
52%
Rosenborg BK
50%
FC Sheriff Tiraspol
49%
Shamrock Rovers
48%
BATE Borisov
45%
FC Vaduz
45%
Maribor NK
42%
FC Flora
24%
FK Zalgiris
23%
Knattspyrnufélag Reykjavíkur
20%
FK Vardar Skopje
19%
FC Santa Coloma
18%
FK Buducnost Podgorica
15%
Zrinjski
14%
FC Prishtina
12%
KF Partizani Tirana
12%
SP Tre Fiori
12%
Skonto Riga
10%
Jeunesse Esch
8%
Sliema Wanderers
7%
No matching quizzes found
Score Distribution
Percent of People with Each Score
Percentile by Number Answered
Your Score History
You have not taken this quiz since the last reset